|
|
|
|
| LEADER |
01900cas a2200313 a 4500 |
| 001 |
AALejournalIMF020022 |
| 008 |
230101c9999 xx r poo 0 0eng d |
| 020 |
|
|
|c 5.00 USD
|
| 020 |
|
|
|z 9781498335256
|
| 022 |
|
|
|a 2663-3493
|
| 040 |
|
|
|a BD-DhAAL
|c BD-DhAAL
|
| 110 |
2 |
|
|a International Monetary Fund.
|
| 245 |
1 |
0 |
|a Framework Administered Account for Selected Fund Activities :
|b European Commission Subaccount for Selected Fund Activities.
|
| 264 |
|
1 |
|a Washington, D.C. :
|b International Monetary Fund,
|c 2009.
|
| 300 |
|
|
|a 1 online resource (3 pages)
|
| 490 |
1 |
|
|a Policy Papers
|
| 500 |
|
|
|a <strong>Off-Campus Access:</strong> No User ID or Password Required
|
| 500 |
|
|
|a <strong>On-Campus Access:</strong> No User ID or Password Required
|
| 506 |
|
|
|a Electronic access restricted to authorized BRAC University faculty, staff and students
|
| 520 |
3 |
|
|a The Fund, represented by the Managing Director, has reached understandings with the European Commission (EC), to finance capacity building (technical assistance and training) and related activities. On the basis of these understandings, the Managing Director and EC President Barroso signed a framework agreement on January 12, 2009. The provisions of the framework agreement serve as the essential terms and conditions of the Subaccount with respect to the nature, design, and implementation of the activities to be financed and the method by which the costs of the activities will be financed from the Subaccount.
|
| 538 |
|
|
|a Mode of access: Internet
|
| 650 |
|
7 |
|a Agreement
|2 imf
|
| 650 |
|
7 |
|a Framework Agreement
|2 imf
|
| 650 |
|
7 |
|a Fund Member
|2 imf
|
| 650 |
|
7 |
|a PP
|2 imf
|
| 650 |
|
7 |
|a Subaccount
|2 imf
|
| 651 |
|
7 |
|a Dominican Republic
|2 imf
|
| 830 |
|
0 |
|a Policy Papers; Policy Paper ;
|v No. 2009/086
|
| 856 |
4 |
0 |
|z Full text available on IMF
|u http://elibrary.imf.org/view/journals/007/2009/086/007.2009.issue-086-en.xml
|z IMF e-Library
|